Možnosti využitia cieľovo-programového plánovania v stavebníctve kandidátska dizertačná práca
Uložené v:
| Hlavný autor: | |
|---|---|
| Korporativný autor: | |
| Ďalší autori: | |
| Médium: | Kniha |
| Jazyk: | Slovak |
| Vydavateľské údaje: |
Bratislava
1978
|
| Tagy: |
Žiadne tagy, Buďte prvý, kto otaguje tento záznam!
|
MARC
| LEADER | 00000nam a2200000 4500 | ||
|---|---|---|---|
| 001 | c035326 | ||
| 005 | 20230116095151.5 | ||
| 041 | 0 | |a slo | |
| 044 | |a SK | ||
| 245 | 1 | 0 | |a Možnosti využitia cieľovo-programového plánovania v stavebníctve |b kandidátska dizertačná práca |c Marián Nedas ; ved. práce Vladimír Mokrý |
| 264 | 1 | |a Bratislava |c 1978 | |
| 300 | |a 147 s. | ||
| 100 | 1 | |a Nedas, Marián | |
| 700 | 1 | |a Mokrý, Vladimír | |
| 710 | 2 | |a Vysoká škola ekonomická v Bratislave. Národohospodárska fakulta | |